Geografia europea con la lettera A - Statistics

Statistiche generali
  • Questo quiz è stato fatto 268 volte
  • Il punteggio medio è 13 su 18
Statistiche sulle risposte
DOMANDA RISPOSTA % Corretto
Capitale della Grecia Atene
100%
Mare tra la Croazia e l'Italia Adriatico
99%
La nazione di Mozart Austria
97%
La più alta catena montuosa nell'Europa Occidentale Alpi
94%
La nazione incastonata nei Pirenei Andorra
92%
Campo di concentramento nazista in Polonia Auschwitz
87%
Nazione balcanica avente come religione più praticata l'Islam Albania
85%
Città soprannominata la Venezia del nord Amsterdam
83%
Regione spagnola a sud Andalusia
79%
Capitale della Corsica Ajaccio
78%
Viene citata sempre insieme alla Lorena Alsazia
74%
Nel Medioevo questa città fu sede del papa Avignone
66%
Isole vulcaniche portoghesi a largo dell'Oceano Atlantico Azzorre
64%
La più grande città delle Fiandre Anversa
60%
Città sarda in cui si parla un dialetto catalano Alghero
50%
La regione del Portogallo più a sud dove si svolge il GP di F1 Algarve
30%
La seconda città più popolosa della Danimarca Aarhus
28%
Città conosciuta come "Città del granito" (Siamo nel Regno Unito) Aberdeen
19%
Nessun quiz corrispondente trovato
Distribuzione punteggi
Percentuale di utenti per punteggio
Percentile per numero di risposta
I tuoi punteggi nel tempo
Non hai fatto questo quiz